Sports Quiz

Random Sports or Basketball Quiz

NBA Most Starts at Guard by Team (2000s) Quiz Stats

 Plays Quiz Updated Nov 13, 2018

Challenge
Share
Tweet
Embed
Score 0/150 Timer 13:00
20 Plays Today
% Correct
Kobe Bryant
89.7%
Ray Allen
88.1%
Ray Allen
88.1%
Ray Allen
88.1%
Tony Allen
87.4%
Mo Williams
86.8%
Mo Williams
86.8%
Deron Williams
86.8%
Jason Kidd
86.6%
Jason Kidd
86.6%
Jason Williams
86.6%
Jason Williams
86.6%
Jason Williams
86.6%
Rajon Rondo
86.6%
Steve Nash
86.4%
Steve Nash
86.4%
Alvin Williams
86.4%
Dwyane Wade
85.4%
Derrick Rose
85.3%
Jalen Rose
84.6%
Jalen Rose
84.6%
Jalen Rose
84.6%
Joe Johnson
84%
Joe Johnson
84%
Tony Parker
83.3%
Smush Parker
82.8%
Anthony Parker
82.7%
Allen Iverson
82.7%
Allen Iverson
82.7%
Chauncey Billups
82.1%
Chauncey Billups
82.1%
Chris Paul
81.4%
Derek Fisher
75.7%
Mike Bibby
75%
Mike Bibby
75%
Gilbert Arenas
74.3%
Gilbert Arenas
74.3%
Richard Hamilton
73.9%
Richard Hamilton
73.9%
Reggie Miller
73.8%
Andre Miller
73.7%
Andre Miller
73.7%
Andre Miller
73.7%
Mike Miller
73.6%
Baron Davis
73.2%
Baron Davis
73.2%
Baron Davis
73.2%
Ricky Davis
72.7%
Tracy McGrady
71.1%
Tracy McGrady
71.1%
% Correct
Vince Carter
68.8%
Vince Carter
68.8%
Manu Ginobili
64.6%
Steve Smith
63.5%
Brandon Roy
62.6%
Jason Terry
62.6%
Jason Terry
62.6%
Russell Westbrook
61.5%
Stephen Jackson
61.2%
Jameer Nelson
61.1%
Michael Redd
60.7%
Ben Gordon
60%
Stephon Marbury
58.8%
Stephon Marbury
58.8%
Kirk Hinrich
56%
Raymond Felton
55.6%
Monta Ellis
55.3%
Steve Francis
52.6%
Steve Francis
52.6%
Gary Payton
51.8%
Gary Payton
51.8%
Jason Richardson
48.8%
Jason Richardson
48.8%
Jason Richardson
48.8%
Quentin Richardson
48.7%
Eddie Jones
46.9%
Eddie Jones
46.9%
John Stockton
46.3%
Sam Cassell
45%
Sam Cassell
45%
Sam Cassell
45%
Andre Iguodala
43.6%
Devin Harris
43.1%
Devin Harris
43.1%
Jamal Crawford
42.9%
Allan Houston
42.9%
Lucious Harris
42.9%
Michael Finley
39.9%
Michael Finley
39.9%
Aaron Brooks
36%
Kevin Martin
35.5%
Eric Snow
34.1%
Eric Snow
34.1%
Mike Conley
33.3%
Rasual Butler
32.5%
Rodney Stuckey
31.5%
Damon Stoudamire
31.1%
Brandon Jennings
30.7%
Jerry Stackhouse
30.6%
OJ Mayo
30.1%
% Correct
Tim Hardaway
29.8%
Jamaal Tinsley
29.7%
Mario Chalmers
29.6%
Cuttino Mobley
29.2%
Cuttino Mobley
29.2%
Doug Christie
27.7%
Willie Green
27.2%
Larry Hughes
26.7%
Larry Hughes
26.7%
Larry Hughes
26.7%
TJ Ford
25.7%
Jose Calderon
25.3%
Luke Ridnour
24.9%
Raja Bell
24.4%
Kenny Anderson
24.2%
Derek Anderson
24.2%
Derek Anderson
24.2%
Kerry Kittles
20.3%
Steve Blake
20.2%
Nick Van Exel
19.2%
Ronnie Brewer
18.7%
Corey Brewer
18.7%
Rafer Alston
18.5%
Mo Peterson
17.1%
Chris Duhon
16.1%
Chris Duhon
16.1%
David Wesley
16%
Terrell Brandon
15.5%
CJ Miles
15.4%
Bonzi Wells
14.5%
DeShawn Stevenson
13.9%
Mike Dunleavy
13.4%
Brevin Knight
13%
Carlos Arroyo
12.1%
Brent Barry
11.7%
Darrell Armstrong
11.2%
Troy Hudson
9.2%
Beno Udrih
8.2%
Trenton Hassell
7.8%
Chucky Atkins
7.6%
Chucky Atkins
7.6%
Matt Carroll
7.5%
Keith Bogans
6.2%
Voshon Lenard
5.7%
Jeff McInnis
4.7%
Eric Piatkowski
3.1%
Jiri Welsch
2.7%
Chris Whitney
2.6%
Royal Ivey
2.5%
Dion Glover
2%

You're not logged in!

Compare scores with friends on all Sporcle quizzes.
OR
Log In

You Might Also Like...

Show Comments

Extras

Top Quizzes Today


Score Distribution

Your Account Isn't Verified!

In order to create a playlist on Sporcle, you need to verify the email address you used during registration. Go to your Sporcle Settings to finish the process.

Report this User

Report this user for behavior that violates our Community Guidelines.

Details: